[Event "Thessaloniki Vardaris op 7th"]
[Site "Thessaloniki"]
[Date "2024.03.14"]
[Round "1"]
[White "Tsaknakis, Zisis"]
[Black "Alexandri, Vasiliki"]
[Result "1-0"]
[WhiteElo "2294"]
[BlackElo "1856"]
[PlyCount "83"]
[EventDate "2024.03.14"]
[EventType "swiss"]
[EventRounds "7"]
[EventCountry "GRE"]
[SourceTitle "CB13_2024"]
[SourceDate "2024.03.27"]
[SourceVersion "1"]
[SourceVersionDate "2024.03.27"]
[SourceQuality "1"]

1. e4 e5 2. Nf3 Nc6 3. Bb5 a6 4. Ba4 Nf6 5. 0-0 Be7 6. Re1 b5 7. Bb3 d6 8. c3 0-0 9. h3 Na5 10. Bc2 c5 11. d4 Qc7 12. d5 Bd7 13. b3 Nb7 14. Nbd2 g6 15. Nf1 Nh5 16. Bh6 Ng7 17. Ne3 f6 18. a4 bxa4 19. bxa4 a5 20. Bd3 Nd8 21. Bb5 Nf7 22. Bxg7 Kxg7 23. Nc4 Rfb8 24. Bxd7 Qxd7 25. Rb1 Bd8 26. Qc2 Qc7 27. Nfd2 Ra7 28. Rxb8 Qxb8 29. Rb1 Rb7 30. Rxb7 Qxb7 31. Qb3 Qd7 32. Qb5 Qxb5 33. axb5 Kf8 34. Kf1 Ke7 35. Ke2 Kd7 36. Kd3 Kc8 37. Kc2 Kb7 38. Kb3 f5 39. Ka4 Bc7 40. Nxa5+ Bxa5 41. Kxa5 Ng5 42. f3 1-0

[Event "Skopje op"]
[Site "Skopje"]
[Date "2023.12.10"]
[Round "6"]
[White "Alexandri, Vasiliki"]
[Black "Cosman, Andreea Marioara"]
[Result "1/2-1/2"]
[WhiteElo "1728"]
[BlackElo "2120"]
[PlyCount "68"]
[EventDate "2023.12.06"]
[EventType "swiss"]
[EventRounds "9"]
[EventCountry "MKD"]
[SourceTitle "CB50_2023"]
[SourceDate "2023.12.13"]
[SourceVersion "1"]
[SourceVersionDate "2023.12.13"]
[SourceQuality "1"]

1. d4 Nf6 2. c4 e6 3. Nc3 Bb4 4. Qc2 b6 5. e4 c5 6. d5 Qe7 7. Nge2 exd5 8. exd5 Ne4 9. Be3 d6 10. Ng3 Nxg3 11. hxg3 Qf6 12. Bd3 Nd7 13. 0-0-0 Bxc3 14. Qxc3 Qxc3+ 15. bxc3 Ne5 16. Bf4 Nxd3+ 17. Rxd3 Kd7 18. Re3 Ba6 19. Rhe1 Rhe8 20. Rxe8 Rxe8 21. Rxe8 Kxe8 22. Bxd6 Kd7 23. Bb8 Bxc4 24. Bxa7 Kc7 25. d6+ Kxd6 26. Bxb6 Bxa2 27. Kd2 h5 28. Ke3 Bc4 29. Kf4 Be2 30. Kg5 Kc6 31. Ba7 Kd5 32. f3 Bf1 33. Kxh5 Bxg2 34. Kg4 g6 1/2-1/2

[Event "Skopje op"]
[Site "Skopje"]
[Date "2023.12.07"]
[Round "2"]
[White "Glavinac, Goran"]
[Black "Alexandri, Vasiliki"]
[Result "1/2-1/2"]
[WhiteElo "2034"]
[BlackElo "1728"]
[PlyCount "82"]
[EventDate "2023.12.06"]
[EventType "swiss"]
[EventRounds "9"]
[EventCountry "MKD"]
[SourceTitle "CB50_2023"]
[SourceDate "2023.12.13"]
[SourceVersion "1"]
[SourceVersionDate "2023.12.13"]
[SourceQuality "1"]

1. Nf3 g6 2. e4 Bg7 3. d4 d6 4. Nc3 Nf6 5. Be2 0-0 6. 0-0 e5 7. dxe5 dxe5 8. Bg5 Nbd7 9. Qd2 c6 10. Rad1 Qa5 11. a3 Re8 12. Qc1 Nf8 13. Nd2 Ne6 14. Nc4 Qc7 15. Be3 b5 16. Nd6 Rd8 17. Nxc8 Raxc8 18. Rfe1 Nd4 19. Bf1 Rd7 20. f3 Rcd8 21. Na2 a5 22. c3 Ne6 23. c4 Qb7 24. b4 axb4 25. Nxb4 Nd4 26. Nd3 Qb8 27. cxb5 cxb5 28. Qb2 Nh5 29. Rb1 Nf4 30. Nc5 Ra7 31. Rec1 Qa8 32. Rc3 Rb8 33. g3 Nxf3+ 34. Kh1 Nh5 35. Bxb5 Nd4 36. Bxd4 exd4 37. Rb3 d3 38. Qg2 Rxa3 39. Bxd3 Raxb3 40. Nxb3 Qa3 41. Qc2 Nf6 1/2-1/2

[Event "GRE-ch U14 Girls"]
[Site "Peristeri"]
[Date "2023.07.09"]
[Round "9"]
[White "Alexandri, Vasiliki"]
[Black "Toumpakari, Maria"]
[Result "0-1"]
[WhiteElo "1646"]
[BlackElo "1400"]
[PlyCount "176"]
[EventDate "2023.07.03"]
[EventType "swiss"]
[EventRounds "9"]
[EventCountry "GRE"]
[SourceTitle "EXT 2024"]
[Source "ChessBase"]
[SourceDate "2023.10.10"]
[SourceVersion "1"]
[SourceVersionDate "2023.10.10"]
[SourceQuality "1"]

1. d4 e6 2. c4 f5 3. Nf3 Nf6 4. g3 d5 5. Bg2 Ne4 6. 0-0 Be7 7. b3 Nc6 8. Ba3 g5 9. Bxe7 Qxe7 10. Ne5 Nxe5 11. dxe5 c6 12. Qd4 0-0 13. f3 Nc5 14. e4 Rd8 15. Rd1 Bd7 16. Nc3 dxc4 17. bxc4 Be8 18. Qe3 Bg6 19. Rd6 Rxd6 20. exd6 Qxd6 21. exf5 exf5 22. Rd1 Qf8 23. Qxg5 Ne6 24. Qe3 Qc5 25. Qxc5 Nxc5 26. f4 Bf7 27. Bf1 Be6 28. Kf2 Kf7 29. Be2 Nd7 30. h3 Nb6 31. c5 Nd7 32. Na4 Nf6 33. Rb1 Rb8 34. Rb2 Ke7 35. Bf3 Kd7 36. Re2 h5 37. Nc3 Ke7 38. Rb2 Kd7 39. Ne2 Bd5 40. Nd4 Ne4+ 41. Kg2 Nxc5 42. Nxf5 Nd3 43. Rd2 Ne1+ 44. Kf2 Nxf3 45. Rd3 Nh2 46. Ne3 Ke6 47. Nxd5 cxd5 48. Kg2 Ng4 49. hxg4 hxg4 50. Kf2 Kd6 51. Ke3 Re8+ 52. Kd4 Re4+ 53. Kc3 Kc5 54. Kd2 d4 55. Rb3 b6 56. Rb1 Re3 57. Rc1+ Kd5 58. Rc7 a5 59. Rb7 Rxg3 60. Rxb6 Rg2+ 61. Kd3 Rg3+ 62. Kd2 Ke4 63. Rb5 a4 64. f5 Rf3 65. Rb4 a3 66. Rb8 Rxf5 67. Re8+ Kf3 68. Kd3 Kg2 69. Kxd4 Rf2 70. Kc3 Rxa2 71. Kb3 Rf2 72. Kxa3 g3 73. Kb3 Rf3+ 74. Kc2 Kf2 75. Kd2 g2 76. Re2+ Kg3 77. Re1 Rf1 78. Re3+ Kf4 79. Re8 g1Q 80. Rf8+ Ke5 81. Re8+ Kd6 82. Rd8+ Kc7 83. Rd3 Rf2+ 84. Kc3 Qa1+ 85. Kc4 Rf4+ 86. Kb3 Kc6 87. Re3 Qd1+ 88. Kb2 Qd2+ 0-1

[Event "GRE-ch U14 Girls"]
[Site "Peristeri"]
[Date "2023.07.06"]
[Round "5"]
[White "Tzima, Despoina Anna"]
[Black "Alexandri, Vasiliki"]
[Result "1/2-1/2"]
[WhiteElo "1153"]
[BlackElo "1646"]
[PlyCount "125"]
[EventDate "2023.07.03"]
[EventType "swiss"]
[EventRounds "9"]
[EventCountry "GRE"]
[SourceTitle "EXT 2024"]
[Source "ChessBase"]
[SourceDate "2023.10.10"]
[SourceVersion "1"]
[SourceVersionDate "2023.10.10"]
[SourceQuality "1"]

1. e4 e5 2. Nf3 Nc6 3. Bb5 a6 4. Ba4 Nf6 5. 0-0 b5 6. Bb3 Bc5 7. d3 d6 8. a4 Rb8 9. axb5 axb5 10. h3 h6 11. Nbd2 0-0 12. Re1 Ne7 13. Nf1 Ng6 14. Ng3 Bb6 15. d4 c5 16. c3 Qc7 17. Ba2 c4 18. Bb1 Bd7 19. d5 Rfc8 20. Rf1 Bc5 21. Kh1 Qb6 22. Qc2 b4 23. cxb4 Qxb4 24. Ne2 Nh5 25. Bd2 Qxb2 26. Qxb2 Rxb2 27. Ba2 Bb4 28. Bxb4 Rxb4 29. Nc3 Ba4 30. Rab1 Bb3 31. Nd2 Rcb8 32. Bxb3 cxb3 33. Rb2 Ngf4 34. Rfb1 Nd3 35. Rxb3 Rxb3 36. Rxb3 Rxb3 37. Nxb3 Nxf2+ 38. Kg1 Nd3 39. Nb5 Nf6 40. Nxd6 Kf8 41. Nd2 Nc5 42. Kf2 Ke7 43. Nf5+ Kd7 44. Ke3 Ne8 45. Nc4 f6 46. Nd2 h5 47. Kf3 g6 48. Nh4 g5 49. Nf5 Nd6 50. Nxd6 Kxd6 51. Nc4+ Kd7 52. Ne3 Nb7 53. Nf5 Nc5 54. Ng3 h4 55. Nf5 Ke8 56. Ne3 Ke7 57. Nf5+ Kf7 58. Nd6+ Ke7 59. Nc4 Kf7 60. Nd2 Kg6 61. Kg4 Nd7 62. Nc4 Nc5 63. Nd6 1/2-1/2

[Event "GRE-ch U14 Girls"]
[Site "Peristeri"]
[Date "2023.07.04"]
[Round "3"]
[White "Alexandri, Vasiliki"]
[Black "Platsaki, Evgenia Valeria"]
[Result "1/2-1/2"]
[WhiteElo "1646"]
[BlackElo "1515"]
[PlyCount "166"]
[EventDate "2023.07.03"]
[EventType "swiss"]
[EventRounds "9"]
[EventCountry "GRE"]
[SourceTitle "EXT 2024"]
[Source "ChessBase"]
[SourceDate "2023.10.10"]
[SourceVersion "1"]
[SourceVersionDate "2023.10.10"]
[SourceQuality "1"]

1. d4 Nf6 2. c4 e6 3. Nc3 Bb4 4. e3 0-0 5. Bd3 d5 6. Nf3 c5 7. 0-0 Nc6 8. a3 Bxc3 9. bxc3 b6 10. Bb2 Bb7 11. Qe2 Qc7 12. Rfd1 Rfd8 13. Rac1 Qe7 14. cxd5 exd5 15. Bb5 a6 16. Bxc6 Bxc6 17. Ne5 Ba4 18. Re1 Nd7 19. Nxd7 Rxd7 20. e4 Bb5 21. Qe3 dxe4 22. Qxe4 Qxe4 23. Rxe4 Bc6 24. Re5 f6 25. Re6 Rc8 26. Rce1 Kf7 27. h3 Rdc7 28. c4 cxd4 29. Bxd4 b5 30. Bb6 Rb7 31. c5 Re8 32. Rxe8 Bxe8 33. Kf1 Bc6 34. f3 Rd7 35. Re3 Re7 36. Rd3 Rd7 37. Ke2 Rxd3 38. Kxd3 Ke6 39. Kd4 Kf5 40. Bc7 Ke6 41. Kc3 Kd7 42. Bb6 h5 43. Kb4 Kc8 44. Ka5 Kb7 45. Bd8 Bd5 46. Be7 Bc4 47. g3 Be2 48. f4 h4 49. gxh4 Bf1 50. h5 Bxh3 51. Bf8 Bg4 52. Bxg7 Bxh5 53. Bxf6 Bg4 54. Be5 Kc6 55. Bd6 Bc8 56. Bf8 Kb7 57. Kb4 Kc6 58. Bd6 Kd5 59. Be5 Kc6 60. Bd4 Kd5 61. Bg7 Kc6 62. Bf8 Bf5 63. Ka5 Bc8 64. a4 bxa4 65. Kxa4 Bf5 66. Bd6 Bc8 67. Kb4 Be6 68. Bf8 Bf5 69. Kc4 a5 70. Be7 a4 71. Bf6 a3 72. Ba1 a2 73. Kd4 Bg6 74. Bb2 Bh7 75. Kc4 Bg6 76. Bd4 Bh7 77. Kb3 a1Q 78. Bxa1 Kxc5 79. Be5 Kd5 80. Kc3 Ke4 81. Kc4 Kf5 82. Kd5 Bg8+ 83. Kd6 Ba2 1/2-1/2

[Event "GRE-ch U18 Girls"]
[Site "Larisa"]
[Date "2023.01.08"]
[Round "9"]
[White "Christodoulou, Georgia"]
[Black "Alexandri, Vasiliki"]
[Result "0-1"]
[WhiteElo "1604"]
[BlackElo "1683"]
[PlyCount "136"]
[EventDate "2023.01.02"]
[EventType "swiss"]
[EventRounds "9"]
[EventCountry "GRE"]
[SourceTitle "CBM 212 Extra"]
[Source "ChessBase"]
[SourceDate "2023.03.31"]
[SourceVersion "1"]
[SourceVersionDate "2023.03.31"]
[SourceQuality "1"]

1. Nf3 g6 2. g3 c5 3. c4 Bg7 4. Bg2 Nc6 5. 0-0 d6 6. Nc3 e5 7. d3 Nge7 8. Ne1 0-0 9. Nc2 Be6 10. Ne3 f5 11. Ned5 h6 12. Rb1 Nb4 13. Nxe7+ Qxe7 14. a3 Nc6 15. Nd5 Qd8 16. b4 cxb4 17. Nxb4 Qd7 18. Nxc6 bxc6 19. Qa4 Rfc8 20. Be3 d5 21. cxd5 Bxd5 22. Bxd5+ Qxd5 23. Rb7 Rcb8 24. Rfb1 Rxb7 25. Rxb7 a5 26. Rb6 Rc8 27. Qc4 Qxc4 28. dxc4 Bf8 29. c5 f4 30. gxf4 exf4 31. Bd4 Bg7 32. Bxg7 Kxg7 33. Kg2 Kf6 34. Ra6 Ke5 35. Rxa5 Kd5 36. Kf3 g5 37. a4 Rb8 38. Ra7 Rb3+ 39. e3 Kxc5 40. Rh7 fxe3 41. fxe3 g4+ 42. Kf4 Rb4+ 43. e4 Rxa4 44. Rxh6 Kb5 45. Rg6 Ra2 46. e5 Rxh2 47. e6 Re2 48. Kf5 Kc5 49. Kf6 Kd6 50. Kf5 Re5+ 51. Kxg4 Rxe6 52. Rg8 Rf6 53. Rd8+ Kc7 54. Rd1 c5 55. Rc1 Kc6 56. Rc2 Kd5 57. Rc1 c4 58. Rd1+ Kc5 59. Rd8 Kb4 60. Rb8+ Kc3 61. Rc8 Kb3 62. Rb8+ Kc2 63. Rc8 c3 64. Rc7 Kb2 65. Rb7+ Kc1 66. Rc7 c2 67. Kg3 Rd6 68. Kf2 Kd2 0-1

[Event "GRE-ch U18 Girls"]
[Site "Larisa"]
[Date "2023.01.06"]
[Round "7"]
[White "Alexandri, Vasiliki"]
[Black "Kalliora, Despoina"]
[Result "1/2-1/2"]
[WhiteElo "1683"]
[BlackElo "1494"]
[PlyCount "171"]
[EventDate "2023.01.02"]
[EventType "swiss"]
[EventRounds "9"]
[EventCountry "GRE"]
[SourceTitle "CBM 212 Extra"]
[Source "ChessBase"]
[SourceDate "2023.03.31"]
[SourceVersion "1"]
[SourceVersionDate "2023.03.31"]
[SourceQuality "1"]

1. d4 d5 2. c4 e6 3. Nc3 Nf6 4. Bf4 Be7 5. cxd5 exd5 6. e3 0-0 7. Bd3 Re8 8. h3 c6 9. Nf3 Nbd7 10. 0-0 Nf8 11. Qc2 Ng6 12. Bg3 Bd6 13. Bxd6 Qxd6 14. Rab1 a5 15. a3 Bd7 16. Na4 Ne4 17. Nb6 Rad8 18. Nxd7 Qxd7 19. b4 axb4 20. axb4 Qe7 21. b5 cxb5 22. Bxb5 Rc8 23. Qb3 Red8 24. Rfc1 Nh4 25. Nxh4 Qxh4 26. Qb2 f5 27. Bd3 Qe7 28. Rxc8 Rxc8 29. Bxe4 fxe4 30. Qxb7 Rc1+ 31. Kh2 Qd6+ 32. g3 Rxb1 33. Qxb1 Qc6 34. Qb8+ Kf7 35. Qf4+ Kg8 36. Qe5 Kf7 37. Qf5+ Kg8 38. Kg2 Qb5 39. Qe6+ Kf8 40. Qd6+ Kf7 41. g4 Ke8 42. Qe6+ Kf8 43. Qf5+ Kg8 44. h4 Qc6 45. g5 g6 46. Qg4 Kg7 47. Qf4 Kg8 48. Qe5 Qd7 49. Qb8+ Kg7 50. Qe5+ Kg8 51. Kg3 Qf7 52. Qb8+ Kg7 53. Qf4 Qd7 54. Qf6+ Kg8 55. f3 exf3 56. Qxf3 Qe6 57. Qf4 Qc6 58. Qe5 Qb7 59. Qe8+ Kg7 60. Kf4 Qb3 61. Qe5+ Kg8 62. Qe6+ Kf8 63. e4 Qc2 64. Qd6+ Ke8 65. Qe5+ Kf7 66. Qxd5+ Kg7 67. Qd7+ Kg8 68. Qe8+ Kg7 69. Qe7+ Kg8 70. Ke5 Qh2+ 71. Ke6 Qh3+ 72. Kd6 Qa3+ 73. Kd7 Qa4+ 74. Ke6 Qb3+ 75. d5 Qh3+ 76. Kd6 Qa3+ 77. Kd7 Qa4+ 78. Kd8 Qa8+ 79. Kc7 Qa7+ 80. Kd6 Qa3+ 81. Ke6 Qh3+ 82. Kf6 Qf3+ 83. Ke5 Qc3+ 84. Kf4 Qd2+ 85. Ke5 Qc3+ 86. Kd6 1/2-1/2

[Event "Wch U14 Girls"]
[Site "Mamaia"]
[Date "2022.09.13"]
[Round "8"]
[White "Kirtadze, Anastasia"]
[Black "Alexandri, Vasiliki"]
[Result "1-0"]
[WhiteElo "1922"]
[BlackElo "1606"]
[PlyCount "103"]
[EventDate "2022.09.06"]
[EventType "swiss"]
[EventRounds "11"]
[EventCountry "ROU"]
[SourceTitle "CBM 210 Extra"]
[Source "ChessBase"]
[SourceDate "2022.11.30"]
[SourceVersion "1"]
[SourceVersionDate "2022.11.30"]
[SourceQuality "1"]

1. e4 e5 2. Nf3 Nc6 3. Bb5 a6 4. Ba4 Nf6 5. 0-0 Be7 6. Re1 b5 7. Bb3 d6 8. c3 0-0 9. h3 Na5 10. Bc2 c5 11. d4 Qc7 12. d5 Bd7 13. Nbd2 c4 14. Nf1 Nb7 15. g4 Nc5 16. Ng3 g6 17. Nh2 a5 18. a3 b4 19. g5 b3 20. Bb1 Ne8 21. Ng4 Bxg4 22. hxg4 Qd8 23. Qd2 Nd3 24. Bxd3 cxd3 25. Kg2 Nc7 26. Rh1 Na6 27. Qe3 Nc5 28. Nf5 h5 29. Nh6+ Kg7 30. gxh5 Rh8 31. Qf3 Qf8 32. Be3 Rxh6 33. gxh6+ Kh7 34. Bxc5 dxc5 35. Qxd3 gxh5 36. Rxh5 Qg8+ 37. Qg3 Qxg3+ 38. fxg3 f6 39. c4 Kg6 40. h7 Rh8 41. Rah1 Bd6 42. Rh6+ Kg7 43. a4 Bc7 44. Kf3 Bd6 45. Ke3 Bf8 46. R6h5 Kg6 47. g4 Bg7 48. d6 Bf8 49. Rd1 Kf7 50. d7 Be7 51. d8Q Bxd8 52. Rxd8 1-0

[Event "Wch U14 Girls"]
[Site "Mamaia"]
[Date "2022.09.11"]
[Round "6"]
[White "Nandin, Erdene Davaadembere"]
[Black "Alexandri, Vasiliki"]
[Result "1-0"]
[WhiteElo "1810"]
[BlackElo "1606"]
[PlyCount "115"]
[EventDate "2022.09.06"]
[EventType "swiss"]
[EventRounds "11"]
[EventCountry "ROU"]
[SourceTitle "CBM 210 Extra"]
[Source "ChessBase"]
[SourceDate "2022.11.30"]
[SourceVersion "1"]
[SourceVersionDate "2022.11.30"]
[SourceQuality "1"]

1. e4 e5 2. Nf3 Nc6 3. Bc4 Nf6 4. Ng5 d5 5. exd5 Na5 6. Bb5+ c6 7. dxc6 bxc6 8. Bd3 Nd5 9. h4 Nf4 10. Bf1 h6 11. Nf3 e4 12. d3 exf3 13. Bxf4 Qe7+ 14. Be3 Qb4+ 15. Nd2 fxg2 16. Bxg2 Be7 17. a3 Qd6 18. Ne4 Qg6 19. Ng3 0-0 20. Qd2 Nb7 21. 0-0-0 Qe6 22. Kb1 Bc5 23. Rde1 Qd7 24. d4 Bd6 25. Nh5 Qg4 26. Nf6+ gxf6 27. Bxh6 Kh7 28. Bxf8 Bxf8 29. Bh3 Qf3 30. Bf1 Bh6 31. Bd3+ f5 32. Qb4 Qd5 33. Rhg1 Nd6 34. Re5 Qf3 35. Qxd6 Qxf2 36. Rf1 Qg3 37. Qxc6 Rb8 38. Qc7 Ra8 39. Qxf7+ Qg7 40. Bxf5+ Bxf5 41. Qxf5+ Kh8 42. Qe4 Rg8 43. Re7 Qg6 44. Qxg6 Rxg6 45. Re8+ Kg7 46. Re7+ Kg8 47. Rxa7 Rg4 48. Rd1 Rxh4 49. d5 Re4 50. d6 Re8 51. d7 Rd8 52. Rc7 Kf7 53. Rc8 Bg5 54. Rxd8 Bxd8 55. Re1 Be7 56. a4 Kf6 57. a5 Bd8 58. a6 1-0

[Event "GRE-ch U14 Girls"]
[Site "Thessaloniki"]
[Date "2022.08.21"]
[Round "4"]
[White "Papadopoulou, Marilena"]
[Black "Alexandri, Vasiliki"]
[Result "1/2-1/2"]
[WhiteElo "1374"]
[BlackElo "1621"]
[PlyCount "84"]
[EventDate "2022.08.18"]
[EventType "swiss"]
[EventRounds "7"]
[EventCountry "GRE"]
[SourceTitle "EXT 2024"]
[Source "ChessBase"]
[SourceDate "2023.10.10"]
[SourceVersion "1"]
[SourceVersionDate "2023.10.10"]
[SourceQuality "1"]

1. e4 e5 2. Nf3 Nc6 3. Bb5 a6 4. Ba4 Nf6 5. 0-0 Be7 6. Re1 b5 7. Bb3 d6 8. c3 0-0 9. h3 Na5 10. Bc2 c5 11. d4 Qc7 12. d5 Bd7 13. b3 Nb7 14. Nbd2 g6 15. Nf1 Nh5 16. Bh6 Ng7 17. g4 Nd8 18. Ng3 f6 19. Kh2 Nf7 20. Be3 Qc8 21. Ng1 Kh8 22. a4 bxa4 23. bxa4 Qc7 24. Qd3 Rfb8 25. Reb1 Qa5 26. Qc4 Nd8 27. N1e2 Nf7 28. Qa2 Qc7 29. Rxb8+ Rxb8 30. Rb1 Rb7 31. Bd2 Qb8 32. Rxb7 Qxb7 33. c4 Ng5 34. Kg2 Qc8 35. f3 h5 36. Qb1 h4 37. Nf1 f5 38. Ne3 fxg4 39. fxg4 Qf8 40. Ng1 Qf4 41. Nf1 Qf8 42. Qc1 Qf6 1/2-1/2

[Event "GRE-ch U14 Girls"]
[Site "Thessaloniki"]
[Date "2022.08.19"]
[Round "2"]
[White "Giakoustidou, Evgenia"]
[Black "Alexandri, Vasiliki"]
[Result "0-1"]
[WhiteElo "1333"]
[BlackElo "1621"]
[PlyCount "60"]
[EventDate "2022.08.18"]
[EventType "swiss"]
[EventRounds "7"]
[EventCountry "GRE"]
[SourceTitle "EXT 2024"]
[Source "ChessBase"]
[SourceDate "2023.10.10"]
[SourceVersion "1"]
[SourceVersionDate "2023.10.10"]
[SourceQuality "1"]

1. d4 Nf6 2. Bf4 g6 3. Nc3 d5 4. Qd2 Bg7 5. Bh6 0-0 6. 0-0-0 c5 7. Bxg7 Kxg7 8. f3 cxd4 9. Qxd4 Nc6 10. Qd2 Qa5 11. a3 Rd8 12. g4 d4 13. Nb1 Qc5 14. h4 Nd5 15. e4 dxe3 16. Qh2 h6 17. Nh3 Be6 18. Bd3 Nd4 19. c3 Nb3+ 20. Kc2 e2 21. Qe5+ f6 22. Qxe6 Nd4+ 23. Kc1 exd1Q+ 24. Rxd1 Nxe6 25. Re1 Ndf4 26. Nxf4 Nxf4 27. Bf1 Qf2 28. Rxe7+ Kf8 29. Rh7 Qe1+ 30. Kc2 Qd1# 0-1

[Event "GRE-ch U14 Girls"]
[Site "Thessaloniki"]
[Date "2022.08.18"]
[Round "1"]
[White "Alexandri, Vasiliki"]
[Black "Pessiridi, Charalampia"]
[Result "1-0"]
[WhiteElo "1621"]
[BlackElo "1203"]
[PlyCount "53"]
[EventDate "2022.08.18"]
[EventType "swiss"]
[EventRounds "7"]
[EventCountry "GRE"]
[SourceTitle "EXT 2024"]
[Source "ChessBase"]
[SourceDate "2023.10.10"]
[SourceVersion "1"]
[SourceVersionDate "2023.10.10"]
[SourceQuality "1"]

1. d4 d5 2. c4 e6 3. Nc3 Nf6 4. cxd5 exd5 5. Bg5 Be7 6. e3 h6 7. Bf4 c6 8. Bd3 b6 9. Nf3 Nbd7 10. h3 0-0 11. 0-0 Bb7 12. Qc2 c5 13. Rad1 Rc8 14. Bf5 Nh5 15. Bh2 Nhf6 16. Ne5 g6 17. Bxg6 fxg6 18. Qxg6+ Kh8 19. Qxh6+ Nh7 20. Ng6+ Kg8 21. Nxf8 Bxf8 22. Qe6+ Kh8 23. Nxd5 Rc6 24. Qf5 Bg7 25. dxc5 bxc5 26. Ne7 Qxe7 27. Rxd7 1-0

[Event "GRE-chT 49th"]
[Site "Thessaloniki"]
[Date "2022.08.13"]
[Round "3.4"]
[White "Papadopoulou, Marilena"]
[Black "Alexandri, Vasiliki"]
[Result "1-0"]
[WhiteElo "1374"]
[BlackElo "1621"]
[PlyCount "161"]
[EventDate "2022.08.12"]
[EventType "team-swiss"]
[EventRounds "7"]
[EventCountry "GRE"]
[SourceTitle "CBM 209 Extra"]
[Source "ChessBase"]
[SourceDate "2022.09.30"]
[SourceVersion "1"]
[SourceVersionDate "2022.09.30"]
[SourceQuality "1"]
[WhiteTeam "Piraikos"]
[BlackTeam "Neapolis Sykeon"]
[WhiteTeamCountry "GRE"]
[BlackTeamCountry "GRE"]

1. e4 e5 2. Nf3 Nc6 3. Bb5 a6 4. Ba4 Nf6 5. 0-0 Be7 6. Re1 b5 7. Bb3 d6 8. c3 0-0 9. h3 Na5 10. Bc2 c5 11. d4 Qc7 12. d5 Bd7 13. b3 Rab8 14. Nbd2 g6 15. Nf1 Nh5 16. Bh6 Ng7 17. Kh2 Nb7 18. Qd2 f6 19. g3 Nd8 20. Ng1 Nf7 21. Be3 a5 22. a3 Rfc8 23. Rec1 a4 24. b4 cxb4 25. cxb4 Qb7 26. Bd3 Bd8 27. Rxc8 Rxc8 28. Rc1 f5 29. f4 Rxc1 30. Qxc1 fxe4 31. Bxe4 Bf5 32. Bg2 Qc7 33. Qxc7 Bxc7 34. Nd2 exf4 35. Bxf4 Ne5 36. Bxe5 dxe5 37. Bf1 Bd7 38. Ne4 Ne8 39. Nc5 Nf6 40. Nxd7 Nxd7 41. Bxb5 Nb6 42. Ne2 Kf7 43. Nc3 Ke7 44. Bxa4 Nc4 45. Nb5 Bb6 46. Bb3 Nd6 47. Nxd6 Kxd6 48. Kg2 e4 49. a4 Ke5 50. a5 Bc7 51. Kf2 Bd6 52. b5 Bb4 53. a6 Bc5+ 54. Ke2 h6 55. Bc4 g5 56. h4 Bb6 57. Kd2 Bd4 58. Kc2 Bb6 59. Kd2 Bd4 60. Ke2 gxh4 61. gxh4 Bb6 62. Kf1 Kd6 63. Kg2 Kc5 64. Be2 Kxd5 65. Kg3 Ke5 66. Kg4 Kf6 67. Kf4 e3 68. Ke4 Ke6 69. Bc4+ Kd6 70. Kf5 Kc5 71. Bf1 Kd5 72. Kg6 e2 73. Bxe2 Be3 74. h5 Ke6 75. Bc4+ Ke5 76. Kg7 Kf5 77. Kf7 Bc5 78. Ke8 Ke5 79. Kd7 Kd4 80. Bf1 Ba7 81. Kc6 1-0

[Event "EU-chT U18 Girls"]
[Site "Thessaloniki"]
[Date "2022.07.15"]
[Round "4.2"]
[White "Guid, Taja"]
[Black "Alexandri, Vasiliki"]
[Result "1-0"]
[WhiteElo "1479"]
[BlackElo "1527"]
[PlyCount "107"]
[EventDate "2022.07.12"]
[EventType "team-swiss"]
[EventRounds "7"]
[EventCountry "GRE"]
[SourceTitle "EXT 2023"]
[Source "ChessBase"]
[SourceDate "2022.10.05"]
[SourceVersion "1"]
[SourceVersionDate "2022.10.05"]
[SourceQuality "1"]
[WhiteTeam "Slovenia U18 II"]
[BlackTeam "Greece Sykies U18"]
[WhiteTeamCountry "SLO"]
[BlackTeamCountry "GRE"]

1. e4 e5 2. Bc4 Nc6 3. Nc3 Nf6 4. d3 Bc5 5. f4 d6 6. Nf3 Bg4 7. Na4 Bxf3 8. Qxf3 Nd4 9. Qd1 Bb6 10. c3 Nc6 11. Nxb6 axb6 12. 0-0 h6 13. Be3 0-0 14. Qf3 Qd7 15. f5 Na5 16. Bd5 c6 17. Bb3 Nxb3 18. axb3 b5 19. Qg3 Kh7 20. Qh4 Qe7 21. g4 Nd5 22. f6 Nxf6 23. Rxa8 Rxa8 24. Bxh6 Rh8 25. Bxg7+ Kxg7 26. Qg5+ Kf8 27. Qxf6 Qxf6 28. Rxf6 Ke7 29. Rf3 d5 30. exd5 cxd5 31. Kg2 Ke6 32. Kg3 f6 33. h4 Rg8 34. Rf5 Rh8 35. h5 Rh7 36. Kh4 Rh8 37. Rf1 Rh7 38. Ra1 e4 39. d4 Kd6 40. Rf1 Ke6 41. Kg3 Rh8 42. Kf4 Rg8 43. Ra1 Kd6 44. Rh1 Ke6 45. Rg1 Rf8 46. Ra1 Kd6 47. Kf5 Rg8 48. h6 Rg5+ 49. Kxf6 Rxg4 50. Rh1 Rf4+ 51. Kg5 Rf8 52. h7 Rh8 53. Kf6 e3 54. Kg7 1-0

[Event "GRE-ch U18 Girls"]
[Site "Kavala"]
[Date "2022.04.30"]
[Round "7"]
[White "Alexandri, Vasiliki"]
[Black "Tsiripova, Eleni"]
[Result "1/2-1/2"]
[WhiteElo "1587"]
[BlackElo "1358"]
[PlyCount "100"]
[EventDate "2022.04.26"]
[EventType "swiss"]
[EventRounds "9"]
[EventCountry "GRE"]
[SourceTitle "CBM 208 Extra"]
[Source "ChessBase"]
[SourceDate "2022.07.31"]
[SourceVersion "1"]
[SourceVersionDate "2022.07.31"]
[SourceQuality "1"]

1. d4 f5 2. c4 d6 3. Nc3 g6 4. g3 Bg7 5. Bg2 Nf6 6. Nf3 Nc6 7. d5 Ne5 8. Nxe5 dxe5 9. 0-0 e4 10. Qb3 b6 11. Bf4 Nh5 12. Be3 0-0 13. c5 e6 14. dxe6 Qe8 15. e7+ Rf7 16. Nd5 Be6 17. Nxc7 Bxb3 18. Nxe8 Rxe8 19. axb3 Rfxe7 20. cxb6 axb6 21. Ra6 Re6 22. b4 Bxb2 23. Rxb6 Rxb6 24. Bxb6 Rb8 25. Bc5 Ba3 26. Ra1 Bb2 27. Rb1 Be5 28. f3 Nf6 29. fxe4 fxe4 30. Bh3 Ne8 31. Be6+ Kg7 32. b5 Nc7 33. Bc4 Na8 34. b6 Nxb6 35. Rxb6 Rc8 36. Rb7+ Kh8 37. Bd5 Rxc5 38. Bxe4 Rc1+ 39. Kf2 Bd4+ 40. e3 Bc5 41. Rb3 Ra1 42. Rc3 Ba7 43. Bd3 Ra2+ 44. Kf3 Kg7 45. Ke4 Bb8 46. Rc2 Rxc2 47. Bxc2 Kf6 48. Kd5 h5 49. Ba4 h4 50. gxh4 Bxh2 1/2-1/2

[Event "GRE-ch U18 Girls"]
[Site "Kavala"]
[Date "2022.04.27"]
[Round "2"]
[White "Sklavounou, Kalliopi"]
[Black "Alexandri, Vasiliki"]
[Result "1/2-1/2"]
[WhiteElo "1363"]
[BlackElo "1587"]
[PlyCount "112"]
[EventDate "2022.04.26"]
[EventType "swiss"]
[EventRounds "9"]
[EventCountry "GRE"]
[SourceTitle "CBM 208 Extra"]
[Source "ChessBase"]
[SourceDate "2022.07.31"]
[SourceVersion "1"]
[SourceVersionDate "2022.07.31"]
[SourceQuality "1"]

1. Nf3 Nf6 2. g3 g6 3. Bg2 Bg7 4. c4 0-0 5. 0-0 d6 6. Nc3 c6 7. d4 Bf5 8. Re1 Ne4 9. Nh4 Nxc3 10. bxc3 Be6 11. Qd3 d5 12. cxd5 cxd5 13. Rb1 Qd7 14. Qb5 Qxb5 15. Rxb5 b6 16. Ba3 Rc8 17. Rc1 Rc7 18. e4 Bd7 19. Rb2 Bxd4 20. exd5 Rc4 21. Re2 Bf6 22. d6 Nc6 23. dxe7 Re8 24. Bxc6 Rxc6 25. Nf3 Re6 26. Rxe6 Bxe6 27. c4 Bxe7 28. Bxe7 Rxe7 29. a3 Rc7 30. Nd2 Rc5 31. a4 Ra5 32. Ra1 Bd7 33. Kf1 Rxa4 34. Rxa4 Bxa4 35. Ke2 Kf8 36. Kd3 Ke7 37. Kd4 Bc6 38. c5 bxc5+ 39. Kxc5 Kd7 40. Nc4 Be4 41. h4 f6 42. Ne3 Bd3 43. Nd5 f5 44. Nf6+ Ke6 45. Nxh7 a5 46. Ng5+ Ke5 47. f4+ Kf6 48. Nf3 Kg7 49. Ne5 Be2 50. Kd4 a4 51. Kc3 Bb5 52. Kb4 Be8 53. Nf3 Kf6 54. Ne5 Ke6 55. Kc4 Kd6 56. Kd4 Ke6 1/2-1/2